|
|
|
|
| LEADER |
00000nam0a2200000 4500 |
| 001 |
199598 |
| 005 |
20231101224909.0 |
| 035 |
|
|
|a (RuTPU)RU\TPU\book\217632
|
| 035 |
|
|
|a RU\TPU\tpu\3536
|
| 090 |
|
|
|a 199598
|
| 100 |
|
|
|a 20110818d1921 m y0rusy50 ca
|
| 101 |
0 |
|
|a rus
|
| 102 |
|
|
|a RU
|
| 105 |
|
|
|a a z 000zy
|
| 200 |
1 |
|
|a Особенность противопожарных водопроводов в применении к Сибири
|f Я. И. Николин
|
| 210 |
|
|
|a Томск
|c Издание Томского Губ. Отделения Государствен. Издательства
|d 1921
|
| 215 |
|
|
|a 47 с.
|
| 316 |
|
|
|5 63413507: 26//2185
|a С автографом автора. На титульном листе дарственная надпись:"В Библиотеку Томского Технологич. И-та от автора".
|
| 606 |
1 |
|
|a Водопроводные сооружения
|x В целом
|2 stltpush
|3 (RuTPU)RU\TPU\subj\2934
|9 31428
|
| 606 |
1 |
|
|a Противопожарные работы
|2 stltpush
|3 (RuTPU)RU\TPU\subj\52864
|9 71253
|
| 610 |
1 |
|
|a противопожарные водопроводы
|
| 610 |
1 |
|
|a дарственные надписи
|
| 610 |
1 |
|
|a профессора ТТИ
|
| 610 |
1 |
|
|a труды учёных ТПУ
|
| 610 |
1 |
|
|a коллекция ТПУ
|
| 675 |
|
|
|a 628.1
|v 3
|
| 675 |
|
|
|a 699.81
|v 3
|
| 700 |
|
1 |
|a Николин
|b Я. И.
|c российский ученый
|c профессор ТТИ (1906-1922)
|f 1873-?
|g Яков Иванович
|2 stltpush
|3 (RuTPU)RU\TPU\pers\21844
|9 9183
|
| 801 |
|
0 |
|a RU
|b 63413507
|c 20011210
|g PSBO
|
| 801 |
|
2 |
|a RU
|b 63413507
|c 20201202
|g PSBO
|
| 942 |
|
|
|c BK
|